A moral do dano / (Record no. 667)

MARC details
000 -LÍDER
Campo Fixo de Controle 00731nam a2200253 a 4500
001 - NÚMERO DE CONTROLE
Campo de Controle 667
003 - IDENTIFICAÇÃO DO NÚMERO DE CONTROLE
Campo de Controle BR-CuiBMT
005 - DATA E HORA DA ÚLTIMA ATUALIZAÇÃO
Campo de Controle 20231113210440.0
008 - DADOS FIXOS
Dados Fixos 230824s2022 mgb 000 0 por d
020 ## - INTERNATIONAL STANDARD BOOK NUMBER
Nº do ISBN 9786555182965
040 ## - AGÊNCIA CATALOGADORA
Código da Agência Catalogadora BR-CuiBMT
Agência que transcreveu o registro BR-CuiBMT
080 ## - Nº DA CLASSIFICAÇÃO DECIMAL UNIVERSAL
Nº Class. CDU 340.12
Nº edição CDU 2007
090 ## - NÚMERO DE CHAMADA
Nº classificação 340.12
Cutter G963m
100 1# - ENTRADA PRINCIPAL -- AUTOR PESSOAL
Nome pessoal Guimarães, Eduardo Medina,
Datas associadas ao nome 1967-
245 12 - TÍTULO PRINCIPAL
Título principal A moral do dano /
Indicação de responsabilidade Eduardo Medina Guimarães ; prefácio, Fábio Medina Osório.
260 ## - PUBLICAÇÃO, DISTRIBUIÇÃO, ETC.
Local de publicação Belo Horizonte :
Editora Fórum,
Data 2022.
300 ## - DESCRIÇÃO FÍSICA
N. páginas ou volumes 137 p. ;
Dimensões 22 cm
504 ## - NOTA DE BIBLIOGRAFIA, ETC.
Nota de bibliografia Inclui bibliografia.
650 ## - ASSUNTO TÓPICO
Cabeçalho tópico ou nome geográfico Direito civil
650 ## - ASSUNTO TÓPICO
Cabeçalho tópico ou nome geográfico Filosofia do direito
650 ## - ASSUNTO TÓPICO
Cabeçalho tópico ou nome geográfico Teoria geral do processo
650 ## - ASSUNTO TÓPICO
Cabeçalho tópico ou nome geográfico Direito processual
942 ## - ELEMENTOS DE ENTRADA ADICIONAIS (KOHA)
Fonte de classificação ou esquema de arquivamento Classificação Decimal Universal
Tipo de item do Koha Livros
Holdings
Estado: removido Estado: perdido Fonte de classificação ou esquema de arquivamento Estado: danificado Indisponível para empréstimo Localização permanente Localização atual Data de aquisição Total Checkouts Número de Chamada completo Código de barras Date last seen Número do exemplar Preço efetivo a partir de Tipo de item (Koha)
    Classificação Decimal Universal     Biblioteca da Escola Superior de Contas do TCE/MT Biblioteca da Escola Superior de Contas do TCE/MT 13/11/2023   340.12 G963m BIBTCEMT23110506 13/11/2023 Ex. 1 13/11/2023 Livros
    Classificação Decimal Universal     Biblioteca da Escola Superior de Contas do TCE/MT Biblioteca da Escola Superior de Contas do TCE/MT 13/11/2023   340.12 G963m BIBTCEMT23110535 13/11/2023 Ex. 2 13/11/2023 Livros

Powered by Koha